000 00834nam a2200241 u 4500
001 000002692
003 DO-SdBNP
005 20250211105815.0
008 090703s1977 dr d r 000 0 spa d
040 _aDO-SdBNP
_bspa
_cBNPHU
082 _a338.1
_bS211p
100 1 _aSánchez Roa, Adriano
_98496
245 1 0 _aPensamiento social agrario de Joaquín Balaguer.
260 _aSanto Domingo :
_bLa Fundación Caribe,
_c1977.
270 _aLa fundación Caribe
_bSanto Domingo
_dRepública Dominicana
_aAve. Los Próceres
300 _a108p :
_bDiagrs ;
_c23cm.
500 _aIncluye referencia bibliográfica
500 _aContiene datos biográficos
600 1 0 _a Balaguer, Joaquín,
_d1906-2002
_976556
650 1 4 _aCrítica e interpretación
_98497
650 1 0 _aAgricultura -
_xAspectos económicos
_930596
942 _2ddc
_cLBS1
999 _c2528
_d2528